| 000 | 00934nam a22003017a 4500 | ||
|---|---|---|---|
| 001 | 6600 | ||
| 003 | FISKH | ||
| 005 | 20250513100957.0 | ||
| 008 | 250513b cb ||||| |||| 00| 0 eng d | ||
| 020 | _a9780439555678 | ||
| 040 |
_aFISKH _beng _cFISKH _dFISKH |
||
| 050 | _aE312 .M84 | ||
| 082 | _a973.41092 | ||
| 100 | _aMurphy, Frank | ||
| 245 |
_aGeorge Washington and the general's dog / _cBy Frank Murphy ; Illustrated by Richard Walz |
||
| 250 | _aThis edition first published in 2004 | ||
| 260 |
_aNew York : _bScholastic, _c2002 |
||
| 300 |
_a48 pages : _bcolor illustrations ; _c23 cm |
||
| 505 | _aG | ||
| 520 | _aRecounts events in the life of George Washington which focus on his fondness for animals. | ||
| 521 | 8 |
_a380
_bLexile |
|
| 521 | 8 |
_aG
_bRaz-Plus |
|
| 650 |
_2Biography _aDogs |
||
| 650 |
_2Pets _aPresident |
||
| 700 |
_aWalz, Richard _dillustrator |
||
| 942 |
_2ddc _cBK _n0 |
||
| 999 |
_c6600 _d6600 |
||